00632nam a2200205Ia 4500008004100000020001800041050001400059100002200073245003400095245003800129245005500167260003100222260003600253260000900289300001500298300002500313300001000338440003800348650004000386180207s9999 xx 000 0 und d a9789715186339 bE929 2013 aEvasko, Eugene Y. aAng riles sa tiyan ni tatay = bThe tracks on my father's tummy / cby Eugene Y. Evasco ; illustrated by Aldy Aguirre. aQuezon City, Philippines : bLampara Publishing House, Inc., c2013 a32 pages : bcolor illustration ; c23cm. aMga premyadong kuwentong pambata. aAward-winning stories for children.